Признания Мегрэ (Запис № 364950)

МАРК-запис
000 -Лідер
fixed length control field 01363nam a22002537a 4500
001 - Контрольний номер
control field 78645
003 - Ідентифікатор контрольного номера
control field UA-OsUOA
005 - Дата та час останнього входження (трансакції)
control field 20201218121417.0
007 - Фіксоване поле фізичного опису
fixed length control field ta
008 - Елементи даних фіксованої довжини – загальна інформація
fixed length control field 20111018b un ||||| |||| 00| 0 ukr d
040 ## - Джерело каталогізації
Агенція оригінальної каталогізації UA-OsUOA
Мова каталогізації rus
Агенція, яка здійснювала перезапис UA-OsUOA
Агенція, яка здійснювала модифікацію UA-OsUOA
041 ## - Код мови
Код мови тексту/ звукової доріжки чи окремого заголовка (П) rus
080 ## - Індекс Універсальної десяткової класифікації
Індекс Універсальної десяткової класифікації (УДК) (НП) 821.161.1(44)
090 ## - Локальний шифр розміщення
Класифікаційний індекс УДК 821.161.1(44)
Авторський знак (НП) С37
100 ## - Основне введення – ім’я особи
Ім’я особи (НП) Сименон Ж.
245 ## - Відомості про назву
Назва (НП) Признания Мегрэ
Решта назви (НП) Романы
Дані про відповідальність (НП) сост. Н. С. Дроздовой; послесл. Ю. Уварова
260 ## - Публікація, розповсюдження і т.п. (Вихідні дані)
Місце публікації, розповсюдження і т.п. (П) М.
Ім’я/ наймення видавництва, розповсюджувача і т.п. (П) Правда
Дата публікації, розповсюдження і т.п. (П) 1982
300 ## - Фізичний опис
Обсяг 573 с.
520 ## - Резюме і т.п.
Резюме, реферат, анотація, тощо (НП) В сборник включены романы крупного представителя детективного жанра в современной зарубежной литературе Жоржа Сименона. Большая их часть относится к серии о комиссаре уголовной полиции Парижа Мегрэ; они посвящены психологическому исследованию человеческих характеров, фрмирующихся в условиях буржуазного общества.
650 #7 - Додаткове предметне введення – тематичний термін
Тематичний термін чи географічна назва, як елемент введення (НП) 82 Література. Літературознавство
Джерело заголовка чи терміна UDC
942 ## - Додаткові елементи входу (Коха)
Тип елемента Koha Книги
Source of classification or shelving scheme Universal Decimal Classification
955 ## - Код типу видання за змістом
Код типу видання за змістом (НП) Літературно-художні видання
Фонди
Стан вилучень Стан втрат Джерело класифікації або схеми стелажів Стан уражень Не для кредиту Код колекції Постійне місце розташування Поточне розміщення Дата придбання Джерело придбання Вартість, звичайна ціна покупки Інвентарний номер Усього замовленно Повний номер виклику Штрих-код Дата останнього перегляду Ціна ефективна від Тип елемента Koha
    Universal Decimal Classification     Колекція Кушніра М.П. АБ - Абонемент НБ АБ - Абонемент НБ 18/10/2011 123/2011 19.00 134675   821.161.1(44) С37 134675 06/02/2022 18/10/2011 Книги